000 01042nam a22002657a 4500
005 2008090307237.0
008 080903t xxu||||| |||| 00| 0 eng d
010 _aENG-90900
020 _a8176488100
_c795.00
035 _aEN-74433
037 _bDBAD / PUB
040 _aDPL
_bEnglish
082 _a363.34
100 _a
245 _aNatural disaster:
_cedited by R.K. Sharma [and] Gagandeep Sharma
_binstitutional building for mitigating the impact on vulnerable sections /
260 _aNew Delhi
_bAPH Publishing House
_c2009
300 _axvii, 270p.:
_c23 cm (Hb)
_bill.
500 _aIncludes bibliographical references and index
650 _aNatural disasters
700 _aSharma, R.K.
700 _aSharma, Gagandeep
270 _a4435-36/7, Ansari Raod, Darya Ganj,
_bNew Delhi
_e110002
_k23274050
942 _2ddc
_cEN
_mNAR
_h363.34
999 _c15322
_d15322